| 000 | 00774cam a22002651 4500 | ||
|---|---|---|---|
| 001 | sa 65000971 | ||
| 003 | DLC | ||
| 005 | 20260227112106.0 | ||
| 008 | 890509m19629999ii c 000 0 hino | ||
| 010 | _asa 65000971 | ||
| 035 | _a(OCoLC)19683385 | ||
| 040 |
_aDLC _cWaU _dDLC |
||
| 042 | _apremarc | ||
| 050 | 0 | 0 |
_aBL1130 _b.C474 |
| 100 | 1 |
_aChaturvedi, Giridhar Sharma, _d1881-1966. |
|
| 245 | 1 | 0 |
_aGītā pravacana Gītā vyākhyāna mālā. _cGeneral editor V. S. Agrawala. |
| 250 | _a1st ed. | ||
| 260 | _c1962- | ||
| 300 |
_av. _bports. _c26 cm. |
||
| 440 | 0 |
_aHindu Vishvavidyalaya Nepal Rajya Sanskrit series; _vv. 4 |
|
| 500 | _aIn Hindi. | ||
| 630 | 0 | 0 | _aBhagavadgītā. |
| 700 | 1 | _aAgrawala, Vasudeva Sharana. | |
| 740 | 0 | _aSrī Gītā pravacana mālā. | |
| 999 |
_c61844 _d61844 |
||